[Event "Campeonato Continental Absolut"]
[Site "Cali COL"]
[Date "2007.07.18"]
[Round "9"]
[White "Rosales,D"]
[Black "Buitrago,J"]
[Result "1/2-1/2"]
[WhiteElo "1989"]
[BlackElo "2160"]

1.d4 d5 2.Nf3 c6 3.e3 Nf6 4.c4 e6 5.Nc3 Nbd7 6.Bd3 dxc4 7.Bxc4 b5 8.Bd3 a6
9.e4 c5 10.d5 Bb7 11.O-O c4 12.Bc2 Qc7 13.dxe6 fxe6 14.e5 Nxe5 15.Nxe5 Qxe5
16.Re1 Qd6 17.Qxd6 Bxd6 18.Rxe6+ Kd7 19.Bf5 Kc7 20.Re2 Rhe8 21.Bg5 Rxe2 22.Nxe2 Be5
23.Bf4 Re8 24.Kf1 g6 25.Bh3 Nd5 26.Bxe5+ Rxe5 27.a3 Kb6 28.f4 Re3 29.g3 Rb3
30.Ra2 c3 31.bxc3 Nxc3 32.Nxc3 Rxc3 33.Be6 Kc5 34.Kf2 Bd5 35.Bxd5 Kxd5 36.h3 a5
37.Kg2 Kc4 38.g4 b4 39.axb4 axb4 40.Ra7 b3 41.Rb7 Rc2+ 42.Kg3 b2 43.Kh4 h6
44.f5 gxf5 45.gxf5 Kc3 46.Kh5 Rc1 47.Kxh6 b1=Q 48.Rxb1 Rxb1 49.f6 Rh1  1/2-1/2

[Event "Lichtenstein Mem"]
[Site "Elkana ISR"]
[Date "2007.07.18"]
[Round "4"]
[White "Lerner,K"]
[Black "Deutsch,E"]
[Result "1-0"]
[WhiteElo "2515"]
[BlackElo "2406"]

1.c4 Nf6 2.Nf3 c6 3.Nc3 d5 4.e3 e6 5.d4 Nbd7 6.Bd3 dxc4 7.Bxc4 b5 8.Bd3 Bb7
9.O-O Be7 10.a3 a6 11.b4 a5 12.Rb1 axb4 13.axb4 Nd5 14.Nxd5 exd5 15.Qc2 Nf6
16.Ne5 Qd6 17.Bd2 g6 18.Rfc1 Ra6 19.Ra1 Rxa1 20.Rxa1 O-O 21.Ra7 Rb8 22.Bxb5 cxb5
23.Rxb7 Ra8 24.f3 Qe6 25.Qc7 Ra1+ 26.Kf2 Qf5 27.Qxe7 Ne4+ 28.Ke2 Nc3+ 29.Bxc3 Qc2+
30.Bd2  1-0

[Event "Synthesia Rapid Open"]
[Site "Pardubice CZE"]
[Date "2007.07.18"]
[Round "5"]
[White "Cvek,R"]
[Black "Popov,Val"]
[Result "1/2-1/2"]
[WhiteElo "2548"]
[BlackElo "2577"]

1.c4 e6 2.Nc3 d5 3.e3 Nf6 4.d4 c6 5.Nf3 a6 6.a4 c5 7.cxd5 exd5 8.Be2 Nc6
9.O-O Bd6 10.dxc5 Bxc5 11.b3 O-O 12.Bb2 Be6 13.Nb1 Ne4 14.Nd4 Nxd4 15.Bxd4 Rc8
16.Bf3 Qb6 17.a5 Qd6 18.Bxe4 dxe4 19.Nd2 f5 20.Bxc5 Rxc5 21.Nc4 Qc7 22.Qd6 Bxc4
23.Qxc7 Rxc7 24.bxc4 Rxc4 25.Rfd1 g6 26.h4 Rf7 27.Kh2 Kg7 28.Kg3 Rc3 29.Kf4 Rc2
30.Kg3 f4+ 31.exf4 Rc3+ 32.Kh2 Rxf4 33.Rd7+ Kh6 34.Rxb7 Rxf2 35.Rb6 Rf4 36.Rxa6 Rxh4+
37.Kg1 Rc2 38.Rf6 e3 39.Rf3 Rg4 40.g3 Re4 41.Re1 Ra4 42.Rfxe3 Raa2 43.a6 Kg5
44.a7 Rxa7 45.R1e2 Raa2 46.Rxc2 Rxc2 47.Re4 Kf5 48.Rf4+ Kg5 49.Ra4 Rd2 50.Rb4 h5
51.Ra4 Re2 52.Rb4 Kf5 53.Rf4+ Ke5 54.Ra4 Rd2 55.Rb4 Rd4 56.Rb5+ Ke4 57.Kg2 Rd2+
58.Kh3 Rd5 59.Rxd5  1/2-1/2

[Event "Campeonato Continental Absolut"]
[Site "Cali COL"]
[Date "2007.07.19"]
[Round "10"]
[White "Hungaski,R"]
[Black "Zambrana,O"]
[Result "1/2-1/2"]
[WhiteElo "2399"]
[BlackElo "2511"]

1.d4 d5 2.c4 c6 3.Nf3 Nf6 4.Nc3 e6 5.e3 Nbd7 6.Qc2 Bd6 7.e4 dxe4 8.Nxe4 Nxe4
9.Qxe4 O-O 10.Bd3 Nf6 11.Qh4 Bb4+ 12.Ke2 Be7 13.Bg5 g6 14.Ne5 Re8 15.Rhe1 Nh5
16.Bxe7 Qxe7 17.Qxe7 Rxe7 18.Kd2 Bd7 19.c5 Rd8 20.g3 Be8 21.Kc3 Nf6 22.Be4 Nd5+
23.Bxd5 exd5 24.Ng4 Rxe1 25.Rxe1 Kf8 26.Nf6 h6 27.g4 Bd7 28.h4 Be6 29.g5 Ke7
30.Rh1 Rh8 31.f4 hxg5 32.fxg5 Bf5 33.Kd2 b6 34.Kc3 bxc5 35.dxc5 Rb8 36.b3 a5
37.Kd4 Rb5 38.Rh2 Ke6 39.Re2+ Be4 40.Nxe4 Rb4+ 41.Kd3 dxe4+ 42.Rxe4+ Kd5
43.Re7 Rxh4 44.Rxf7 Rg4 45.Ra7 Rg3+ 46.Kc2 Rg2+ 47.Kc3 Rxa2 48.Rg7 Rg2 49.Rxg6 Kxc5
50.Rg8 Rg3+ 51.Kb2 Kb4 52.Rb8+ Kc5 53.Rg8  1/2-1/2

[Event "2nd Konig Mem"]
[Site "San Fransisco USA"]
[Date "2007.07.19"]
[Round "?"]
[White "Atalik,E"]
[Black "Pruess,D"]
[Result "0-1"]
[WhiteElo "2400"]
[BlackElo "2424"]

1.d4 d5 2.c4 e6 3.Nf3 c6 4.e3 Nf6 5.Nc3 Nbd7 6.Bd3 dxc4 7.Bxc4 b5 8.Bd3 Bd6
9.O-O O-O 10.a4 b4 11.Ne4 Nxe4 12.Bxe4 Bb7 13.a5 Rc8 14.a6 Ba8 15.Nd2 c5
16.Bxa8 Rxa8 17.Nc4 Be7 18.Na5 Qb6 19.Qa4 Nf6 20.dxc5 Qxc5 21.Bd2 Bd6 22.Qc6 Rfc8
23.Qxc5 Bxc5 24.Rfc1 Ne4 25.Be1 Bf8 26.Nb7 f5 27.f3 Nf6 28.Bg3 Nd5 29.Bf2 b3
30.Rxc8 Rxc8 31.e4 fxe4 32.fxe4 Nb4 33.Bxa7 Ra8 34.Bd4 Nc2 35.Ra4 Nxd4 36.Rxd4 Rxa6
37.Rd3 Bb4 38.Kf1 Rb6 39.Nd8 Be7 40.e5 Kf8 41.Rf3+ Ke8 42.Nf7 Rc6 43.Nd6+ Bxd6
44.exd6 Rc1+ 45.Ke2 Rc2+ 46.Kd1 Rxb2 47.d7+ Kxd7 48.Rf7+ Kc6 49.Rxg7 e5 50.h4 e4  0-1

[Event "XII Open"]
[Site "Balaguer ESP"]
[Date "2007.07.20"]
[Round "5"]
[White "Djingarova,E"]
[Black "Bhat,V"]
[Result "0-1"]
[WhiteElo "2266"]
[BlackElo "2450"]

1.d4 d5 2.c4 e6 3.Nf3 c6 4.e3 Nf6 5.Nc3 Nbd7 6.Bd3 dxc4 7.Bxc4 b5 8.Be2 Bb7
9.O-O Bd6 10.e4 e5 11.dxe5 Nxe5 12.Nd4 O-O 13.Nf5 Bc7 14.Qxd8 Rfxd8 15.Bg5 Nd3
16.Nh6+ Kf8 17.Ng4 Nxg4 18.Bxd8 Bxh2+ 19.Kh1 Ndxf2+ 20.Rxf2 Nxf2+ 21.Kxh2 Rxd8
22.Kg1 b4 23.Kxf2 bxc3 24.bxc3 c5 25.Bf3 Rd2+ 26.Ke3 Rb2 27.a4 a5 28.e5 Bc8
29.Bd5 Ke7 30.Rd1 Bd7 31.Bxf7 Bxa4 32.Ra1 Bc6 33.Bc4 a4 34.Rf1 Be8 35.Bd5 Bh5
36.g4 Bg6 37.Rf4 Be8 38.Rc4 a3 39.Rxc5 Rb5 40.Rxb5 Bxb5 41.e6 g5 42.Ba2 Bc6
43.Bc4 Bb7 44.Kd4 Bf3 45.Ke5 Bxg4  0-1

[Event "Campeonato Continental Absolut"]
[Site "Cali COL"]
[Date "2007.07.20"]
[Round "11"]
[White "Peralta,Fe"]
[Black "Barrientos,S"]
[Result "1-0"]
[WhiteElo "2546"]
[BlackElo "2417"]

1.d4 d5 2.c4 c6 3.Nf3 Nf6 4.Nc3 e6 5.e3 Nbd7 6.Bd3 Bd6 7.e4 dxc4 8.Bxc4 e5
9.dxe5 Nxe5 10.Nxe5 Bxe5 11.Qxd8+ Kxd8 12.Bxf7 Rf8 13.Bb3 Bxc3+ 14.bxc3 Nxe4
15.Ba3 Re8 16.Bf7 Rh8 17.O-O-O+ Kc7 18.Rhe1 Nxc3 19.Rd3 Nb5 20.Re7+ Kb6 21.Bb2 Bf5
22.Rb3 Rhf8 23.a4 Rxf7 24.Rxf7 Be6 25.Rff3 Bxb3 26.Rxb3 Kc5 27.axb5 cxb5
28.Bxg7 b4 29.f4 a5 30.f5 Kc4 31.Rf3 a4 32.f6  1-0

[Event "Campeonato Continental Absolut"]
[Site "Cali COL"]
[Date "2007.07.20"]
[Round "11"]
[White "Castro,O"]
[Black "Pena,Alf"]
[Result "1-0"]
[WhiteElo "2390"]
[BlackElo "2248"]

1.d4 d5 2.c4 c6 3.Nc3 Nf6 4.Nf3 e6 5.e3 Nbd7 6.Bd3 dxc4 7.Bxc4 b5 8.Bd3 b4
9.Ne4 Qb6 10.O-O Be7 11.Ned2 c5 12.Nc4 Qc7 13.e4 Bb7 14.e5 Ne4 15.Bf4 O-O
16.Re1 f5 17.exf6 Qxf4 18.fxe7 Rf6 19.Qc1 cxd4 20.Qxf4 Rxf4 21.Bxe4 Bxe4
22.Rxe4 Rxe4 23.Nd6 Nf6 24.Nxe4 Nxe4 25.Rd1 Rc8 26.g3 Nf6 27.Rxd4 Kf7 28.Rxb4 Rc7
29.Ra4 Kxe7 30.Nd4 Kd7 31.b3 Nd5 32.Kg2 Rb7 33.Ra5 Nc7 34.h4 Kd6 35.Kf3 a6
36.Ke4 Rb4 37.a3 Rb6 38.b4 Nd5 39.Nxe6 Nxb4 40.Nxg7  1-0

[Event "ch-ITA U20"]
[Site "Fiuggi ITA"]
[Date "2007.07.20"]
[Round "3"]
[White "Fossati,R"]
[Black "Santagati,A"]
[Result "1-0"]
[WhiteElo "2193"]
[BlackElo "2141"]

1.d4 d5 2.c4 c6 3.Nf3 Nf6 4.Nc3 e6 5.e3 Nbd7 6.Qc2 Bd6 7.b3 O-O 8.Be2 Qe7
9.O-O b6 10.Bb2 Bb7 11.Rad1 Bb4 12.Ne5 c5 13.Nxd7 Qxd7 14.dxc5 Bxc5 15.Bf3 Rfd8
16.cxd5 exd5 17.Ne2 Rac8 18.Qd3 Qc6 19.Nf4 g5 20.Qf5 Be7 21.Qxg5+ Kf8 22.Rd2 Ne4
23.Qg7+ Ke8 24.Bxe4  1-0

[Event "Quebec Open"]
[Site "Montreal CAN"]
[Date "2007.07.20"]
[Round "1"]
[White "Grant,J"]
[Black "Sandipan,C"]
[Result "0-1"]
[WhiteElo "2280"]
[BlackElo "2563"]

1.c4 c6 2.Nc3 d5 3.d4 Nf6 4.e3 e6 5.Nf3 Nbd7 6.Qc2 Bd6 7.b3 O-O 8.Be2 b6
9.Bb2 Bb7 10.O-O Qe7 11.Rad1 Rad8 12.Rfe1 Rfe8 13.e4 Nxe4 14.Nxe4 dxe4 15.Qxe4 Bb4
16.Rf1 Ba3 17.Bc3 Nf6 18.Qf4 c5 19.dxc5 Ne4 20.Ba1 Bxc5 21.Bd3 f5 22.Bxe4 Rxd1
23.Rxd1 fxe4 24.Ne5 Rf8 25.Qg4 Rxf2 26.Kh1 e3 27.Rg1 e2 28.Nf3 Bxf3  0-1

[Event "Siberia A"]
[Site "Novosibirsk RUS"]
[Date "2007.07.20"]
[Round "1"]
[White "Verzhansky,A"]
[Black "Novikova,A"]
[Result "1/2-1/2"]
[WhiteElo "2361"]
[BlackElo "2268"]

1.d4 d5 2.c4 e6 3.Nc3 c6 4.e3 Nf6 5.Nf3 Nbd7 6.Bd3 Bd6 7.e4 dxe4 8.Nxe4 Nxe4
9.Bxe4 h6 10.O-O O-O 11.Bc2 e5 12.Qd3 f5 13.c5 Bb8 14.Qc4+ Kh8 15.dxe5 Nxe5
16.Nxe5 Bxe5 17.Bf4 Qd4 18.Qxd4 Bxd4 19.Rad1 Bxc5 20.Rfe1 a5 21.Bd6 Bxd6
22.Rxd6 a4 23.Re7 Ra5 24.h4 Rc5 25.Bxa4 Rc4 26.Bb3 Rxh4 27.f3 Kh7 28.Bf7 c5
29.Bg6+ Kg8 30.Be8 Rd4 31.Rg6 Rxe8 32.Rgxg7+ Kh8 33.Rh7+ Kg8 34.Rxe8+ Kxh7
35.Rxc8 Rb4 36.b3 Rb5 37.Kh2 Kg6 38.Kg3 Kf6 39.f4 Ke7 40.Rh8 Ra5 41.Rxh6 Rxa2
42.Rh7+ Kd6 43.Rxb7 Rb2 44.Rb6+ Kc7 45.Rb5 Kc6 46.Rb8 Kc7 47.Rf8 Rxb3+ 48.Kh4 c4
49.Rxf5 Kd6 50.Rf8 Kd7 51.Rf7+ Kd6 52.Rf6+ Kd5 53.Rf8 Rb6 54.Re8 Re6 55.Rd8+ Rd6
56.Ra8 c3 57.Ra1 Ke4 58.g3 c2 59.Rc1 Rc6 60.Kg5 Kf3 61.f5 Kxg3 62.f6 Rc5+
63.Kg6 Rc6 64.Kg7 Rc4 65.Kg6 Rg4+ 66.Kf5 Rc4 67.Ke5 Rc5+ 68.Kd6 Rc4 69.Kd5 Rf4
70.Ke5 Rc4 71.Ke6 Re4+ 72.Kd5 Rf4  1/2-1/2

[Event "Czech Open GMA"]
[Site "Pardubice CZE"]
[Date "2007.07.20"]
[Round "1"]
[White "Grachev,B"]
[Black "Poliakov,A"]
[Result "1-0"]
[WhiteElo "2601"]
[BlackElo "2308"]

1.d4 d5 2.c4 c6 3.Nf3 Nf6 4.Nc3 e6 5.e3 Nbd7 6.Qc2 Bd6 7.Be2 O-O 8.O-O dxc4
9.Bxc4 b5 10.Bd3 Bb7 11.a3 a6 12.b4 a5 13.Rb1 axb4 14.axb4 Qe7 15.e4 e5 16.Ne2 Bxb4
17.Ng3 g6 18.Bg5 Ra4 19.d5 Rc8 20.Qe2 Qd6 21.Nh4 Bc5 22.Nhf5 Qc7 23.Nh6+ Kg7
24.Ng4 Ra3 25.Bh6+ Kg8 26.Bc1 Raa8 27.Nh6+ Kg7 28.dxc6 Bxc6 29.Qf3 Rcb8 30.Bc2 Qb7
31.Re1 Rf8 32.Bb3 Qb6 33.Re2 Bb7 34.h4 Rac8 35.h5 Bd4 36.Bd2 b4 37.Nxf7 Rxf7
38.Bxf7 Rf8 39.Rxb4 Qa6 40.Bc4 Qa7 41.Qb3 Bc6 42.Be3 Ng4 43.Bxd4 exd4 44.Bd5 d3
45.Qxd3 Nde5 46.Qd4 Qa3 47.Qb2 Qa8 48.Bxc6 Qxc6 49.Rb7+ Kg8 50.Rb8 Qd6 51.Rxf8+ Kxf8
52.Qd2 Qe7 53.f4  1-0

[Event "Czech Open GMA"]
[Site "Pardubice CZE"]
[Date "2007.07.20"]
[Round "1"]
[White "Votava,J"]
[Black "Tuma,J"]
[Result "1-0"]
[WhiteElo "2547"]
[BlackElo "2292"]

1.d4 d5 2.c4 c6 3.Nf3 Nf6 4.e3 e6 5.Nc3 Nbd7 6.Bd3 dxc4 7.Bxc4 b5 8.Bd3 Bb7
9.e4 b4 10.Na4 c5 11.e5 Nd5 12.O-O cxd4 13.Re1 a6 14.Nxd4 Be7 15.Bd2 O-O
16.Qg4 Re8 17.Rad1 Bf8 18.Nf3 g6 19.h4 Bc6 20.b3 h5 21.Qg3 Bg7 22.Nb2 Bb5
23.Nc4 Qe7 24.Be4 Nf8 25.Bxd5 exd5 26.Nb6 Rad8 27.Bg5 Qc5 28.Bxd8 Rxd8 29.Na4 Bxa4
30.bxa4 Qc2 31.Ng5 Qxa4 32.Qf4 Rd7 33.Rxd5 Ne6 34.Qd2 Re7 35.Ne4  1-0

[Event "Czech Open GMA"]
[Site "Pardubice CZE"]
[Date "2007.07.21"]
[Round "2"]
[White "Krumpacnik,D"]
[Black "Potkin,V"]
[Result "0-1"]
[WhiteElo "2410"]
[BlackElo "2591"]

1.d4 d5 2.c4 e6 3.Nc3 c6 4.Nf3 Nf6 5.e3 Nbd7 6.Bd3 dxc4 7.Bxc4 b5 8.Bd3 Bd6
9.a4 b4 10.Ne4 Nxe4 11.Bxe4 Bb7 12.O-O O-O 13.b3 Nf6 14.Bd3 c5 15.Bb2 Qe7
16.Rc1 Ne4 17.Ne5 Rad8 18.Qc2 f5 19.f3 cxd4 20.Bxd4 Nc3 21.Nc4 Bc5 22.Bxc3 bxc3
23.Qxc3 f4 24.Qc2 Qh4 25.Kh1 fxe3 26.Rce1 Ba6 27.Ne5 Bxd3 28.Nxd3 Bd6 29.f4 Bxf4
30.Rxf4 Rxf4 31.g3 Rf1+ 32.Rxf1 Qe4+ 33.Kg1 Qxd3 34.Qc7 h6 35.Qf7+ Kh8 36.Qxe6 Qd2
37.Qe4 e2 38.Rb1 Qd1+ 39.Kg2 Rf8 40.Kh3 Qxb1 41.Qxb1 Rf1  0-1

[Event "11th Festival Open A"]
[Site "Senta SRB"]
[Date "2007.07.21"]
[Round "1"]
[White "Arsovic,G"]
[Black "Jevtic,S"]
[Result "1-0"]
[WhiteElo "2470"]
[BlackElo "2190"]

1.d4 d5 2.Nf3 Nf6 3.c4 e6 4.Nc3 c6 5.e3 Nbd7 6.Qc2 Bd6 7.b3 O-O 8.Be2 a6
9.Bb2 Re8 10.O-O Qe7 11.Rad1 b5 12.e4 Nxe4 13.Nxe4 dxe4 14.Qxe4 Nf6 15.Qh4 bxc4
16.bxc4 c5 17.Bd3 h6 18.Rfe1 cxd4 19.Nxd4 Qc7 20.Nb3 Be7 21.Be5 Qa7 22.Bd4 Qc7
23.Be5 Qa7 24.Qg3 Bb7 25.Bd4 Qb8 26.Be5 Qa7 27.Bd4 Qb8 28.Qh3 Bc8 29.Be5 Qa7
30.Re3 Kh8 31.Rf3 Kg8 32.Rg3 Kf8 33.Bf4 Ng8 34.Qg4 g5 35.Be3 Qc7 36.Qh5 Bd6
37.Rf3 Bb7 38.Rh3 Red8 39.Bh7 Bf4 40.Bc5+ Kg7 41.Bxg8 Rxd1+ 42.Qxd1 Rxg8
43.Qh5 Rh8 44.Rd3 Be5 45.Qd1 Bxh2+ 46.Kh1 Be5 47.Rd7 Qc6 48.f3 Ba8 49.Bd4 Bxd4
50.Qxd4+ e5 51.Qxe5+ Qf6 52.Qxf6+ Kxf6 53.Rd6+ Ke5 54.Rxa6 Kf4 55.Kh2 f5
56.Nd4 g4 57.Ne2+ Ke3 58.Re6+ Kd3 59.fxg4 fxg4 60.c5 Rc8 61.Nf4+ Kd4 62.Rxh6 Kxc5
63.Kg3 Be4 64.Re6 Bb1 65.Re1 Rb8 66.Rc1+ Kd6 67.a4 Bf5 68.Rd1+ Kc6 69.Rc1+ Kd6
70.Rc3 Ra8 71.Rc4 Ra5 72.Ne2 Bd7 73.Nc3 Re5 74.Kf4 Rf5+ 75.Ke3 Rf1 76.Ne4+ Ke5
77.Rc5+ Ke6 78.a5 Ra1 79.Kf4 Ke7 80.Re5+ Kd8 81.Nf6 Ra4+ 82.Kg5 Bc8 83.Re8+ Kc7
84.Nd5+ Kc6 85.Rxc8+ Kxd5 86.Rf8 Ke6 87.Rf6+ Ke7 88.Rf5 Ke6 89.g3 Ke7 90.Rb5 Ke6
91.Rb6+ Kd5 92.a6 Kd4 93.Rf6 Ke3 94.Kg6 Ke2 95.Kg5 Ke3 96.Kh4 Ke2 97.Re6+ Kf2
98.Rd6 Ke2 99.Rb6 Kf2 100.Rf6+ Ke2 101.Kg5 Ke3 102.Kh5 Ke2 103.a7 Rxa7 104.Kxg4 Rg7+
105.Kf4 Kf2 106.g4 Kg2 107.g5 Kh3 108.Rh6+ Kg2 109.g6 Rg8 110.Kg4 Rg7 111.Kg5 Ra7
112.Rh7 Ra3 113.Rh4  1-0

[Event "29th Politiken Cup"]
[Site "Copenhagen DEN"]
[Date "2007.07.22"]
[Round "3"]
[White "Holst,C"]
[Black "Sylvan,J"]
[Result "1-0"]
[WhiteElo "2139"]
[BlackElo "2278"]

1.d4 d5 2.c4 e6 3.Nc3 c6 4.Nf3 Nf6 5.e3 Nbd7 6.Bd3 dxc4 7.Bxc4 b5 8.Bd3 a6
9.e4 c5 10.e5 cxd4 11.Nxb5 axb5 12.exf6 Bb7 13.fxg7 Bxg7 14.O-O O-O 15.Re1 Qb6
16.Bd2 Rfe8 17.Bb4 h6 18.a3 Rac8 19.Qe2 Bc6 20.Rac1 e5 21.Nh4 Qd8 22.Nf5 Qg5
23.f4  1-0

[Event "29th Politiken Cup"]
[Site "Copenhagen DEN"]
[Date "2007.07.22"]
[Round "3"]
[White "Nielsen,Pr"]
[Black "Gretarsson,Hj"]
[Result "0-1"]
[WhiteElo "1962"]
[BlackElo "2168"]

1.d4 d5 2.Nf3 Nf6 3.c4 c6 4.e3 e6 5.Nc3 Nbd7 6.Be2 dxc4 7.Bxc4 b5 8.Bd3 b4
9.Na4 Be7 10.Qc2 Bb7 11.Bd2 a5 12.Rc1 Rc8 13.O-O c5 14.dxc5 Nxc5 15.Nxc5 Bxc5
16.Rfd1 Ke7 17.Qb1 Qb6 18.Be1 Rhd8 19.Bc2 Nd5 20.Bb3 g6 21.Qe4 Kf8 22.Qh4 Kg7
23.e4 Be7 24.Qh3 Nf4 25.Qg4 Ne2+  0-1

[Event "Siberia A"]
[Site "Novosibirsk RUS"]
[Date "2007.07.22"]
[Round "3"]
[White "Verzhansky,A"]
[Black "Karpov,Alexa"]
[Result "1-0"]
[WhiteElo "2361"]
[BlackElo "2304"]

1.d4 d5 2.c4 e6 3.Nc3 Nf6 4.Nf3 c6 5.e3 Nbd7 6.Qc2 Bd6 7.b3 O-O 8.Be2 b6
9.O-O Bb7 10.Bb2 Qe7 11.Rad1 Rac8 12.e4 dxe4 13.Nxe4 Nxe4 14.Qxe4 Nf6 15.Qh4 c5
16.Rfe1 Ne4 17.Qxe7 Bxe7 18.Bd3 f5 19.Nd2 Nxd2 20.Rxd2 cxd4 21.Rxe6 Bb4 22.Rde2 Rcd8
23.a3 Bc3 24.f3 Bc8 25.Re7 Rf7 26.Bc1 h6 27.Bf4 g5 28.Bb8 f4 29.Rxf7 Kxf7
30.Bxa7 Be6 31.Bxb6 Rb8 32.Rxe6 Kxe6 33.c5 Ke7 34.Kf2 Ra8 35.a4 Ba5 36.Be4 Bxb6
37.cxb6 Rd8 38.Ke2 Kd6 39.b4 Ke5 40.a5  1-0

[Event "Siberia B"]
[Site "Novosibirsk RUS"]
[Date "2007.07.22"]
[Round "4"]
[White "Pakhomova,E"]
[Black "Danilyuk,O"]
[Result "0-1"]
[WhiteElo "2094"]
[BlackElo "2075"]

1.d4 d5 2.c4 c6 3.Nf3 Nf6 4.Nc3 e6 5.e3 Nbd7 6.Bd3 dxc4 7.Bxc4 b5 8.Bd3 Bb7
9.e4 a6 10.e5 Nd5 11.Ne4 c5 12.Bg5 Qa5+ 13.Bd2 Qb6 14.dxc5 Nxc5 15.Nxc5 Bxc5
16.O-O Nb4 17.Bb1 Rd8 18.Qe2 Bd5 19.Rd1 Nc6 20.Be1 Ne7 21.a3 Ng6 22.Bd2 O-O
23.b4 Bxf3 24.Qxf3 Bd4 25.Ra2 Nxe5 26.Qe2 Nc4 27.a4 g6 28.axb5 axb5 29.h4 Rd5
30.Rc1 Bxf2+ 31.Qxf2 Qxf2+ 32.Kxf2 Rxd2+ 33.Rxd2 Nxd2 34.Bd3 Nb3 35.Rc7 Rd8
36.Ke3 Nd4 37.Rc5 h5 38.Bxb5 Nf5+ 39.Ke4 Rd4+ 40.Ke5 Rxb4 41.Kf6 Nd6 42.Bd3 Rb7
43.Ra5 Ne8+ 44.Kg5 Kg7 45.g4 f6+ 46.Kf4 Rb4+ 47.Ke3 Rxg4 48.Ra7+ Kh6 49.Re7 Ng7
50.Rf7 f5 51.Rf8 Rxh4  0-1

[Event "Czech Open GMA"]
[Site "Pardubice CZE"]
[Date "2007.07.22"]
[Round "3"]
[White "Jedynak,R"]
[Black "Gomez Anadon,D"]
[Result "1-0"]
[WhiteElo "2540"]
[BlackElo "2305"]

1.d4 d5 2.c4 e6 3.Nc3 c6 4.e3 Nf6 5.Nf3 Nbd7 6.Bd3 dxc4 7.Bxc4 b5 8.Bd3 b4
9.Ne4 Be7 10.O-O O-O 11.Nxf6+ Nxf6 12.e4 Bb7 13.Qc2 Nd7 14.e5 h6 15.Be4 Rc8
16.Be3 Qc7 17.Rac1 Qb8 18.Qa4 c5 19.Qxd7 Rc7 20.Qa4 Bxe4 21.dxc5 Rfc8 22.Qa5 Qb7
23.Rc4 Bxf3 24.gxf3 Qxf3 25.Rfc1 h5 26.Qxb4 h4 27.Rf4 Qd5 28.Qd4 Qxa2 29.b4 Rd8
30.Qc4 Qb2 31.Bd4 Qd2 32.Be3 Qb2 33.Rd4 Rxd4 34.Qxd4 Qe2 35.h3 Qb5 36.Qc4 Qxc4
37.Rxc4 a6 38.c6 Kf8 39.Bb6 Rc8 40.c7 g5 41.Rd4 Ke8 42.Ba5 Ra8 43.Kg2 f6
44.exf6 Bxf6 45.Rd1 Be7 46.Kf3 Rc8 47.Kg4 Ra8 48.Rd8+  1-0

[Event "Czech Open GMA"]
[Site "Pardubice CZE"]
[Date "2007.07.22"]
[Round "3"]
[White "Lorscheid,G"]
[Black "Haznedaroglu,K"]
[Result "1/2-1/2"]
[WhiteElo "2309"]
[BlackElo "2440"]

1.d4 d5 2.c4 c6 3.Nc3 Nf6 4.e3 e6 5.Nf3 Nbd7 6.Bd3 dxc4 7.Bxc4 b5 8.Bd3 Bd6
9.Ng5 Bb7 10.Qf3 h6 11.Qh3 Qe7 12.O-O O-O 13.Nge4 b4 14.Nxd6 Qxd6 15.Ne4 Nxe4
16.Bxe4 f5 17.Bf3 e5 18.Qg3 Rf6 19.Rd1 Qe7 20.a3 a5 21.h4 Kh7 22.b3 e4 23.Be2 Ba6
24.Bxa6  1/2-1/2

[Event "Czech Open GMA"]
[Site "Pardubice CZE"]
[Date "2007.07.22"]
[Round "3"]
[White "Potapov,Alexa1"]
[Black "Holmsgaard,H"]
[Result "1-0"]
[WhiteElo "2480"]
[BlackElo "2294"]

1.d4 d5 2.c4 c6 3.Nc3 Nf6 4.e3 e6 5.Nf3 Nbd7 6.Bd3 dxc4 7.Bxc4 b5 8.Bd3 Bd6
9.Ng5 h6 10.Qf3 Bb7 11.Qh3 b4 12.Nce4 Nxe4 13.Nxe4 Be7 14.O-O O-O 15.Rd1 a5
16.b3 a4 17.Bc2 Qb6 18.Qg3 Ba6 19.bxa4 Qb8 20.Bb3 Be2 21.Rd2 Bh5 22.Bb2 Bg6
23.Qf3 Nb6 24.Nc5 Rc8 25.Rc1 Kh7 26.Qd1 Ra5 27.a3 bxa3 28.Bxa3 e5 29.Nd7 Nxd7
30.Bxe7 c5 31.dxe5  1-0

[Event "29th Politiken Cup"]
[Site "Copenhagen DEN"]
[Date "2007.07.23"]
[Round "4"]
[White "Jorgensen,D"]
[Black "Thomassen,T"]
[Result "1-0"]
[WhiteElo "2186"]
[BlackElo "2047"]

1.d4 d5 2.Nf3 Nf6 3.c4 c6 4.e3 e6 5.Nc3 Nbd7 6.Bd3 dxc4 7.Bxc4 b5 8.Bd3 Bb7
9.e4 b4 10.Na4 c5 11.e5 Nd5 12.O-O Rc8 13.Nxc5 Nxc5 14.dxc5 Bxc5 15.Ng5 Qc7
16.Qf3 a6 17.Qg3 Ne7 18.Re1 Ng6 19.Bd2 Rd8 20.Rad1 Rd5 21.Bc2 Qd7 22.Ne4 Be7
23.Bb3 Rd4 24.Be3 Rxd1 25.Rxd1 Qb5 26.Nf6+ gxf6 27.exf6 Bd8 28.Qd6 Bxf6 29.Ba4 Qxa4
30.Qb8+  1-0

[Event "Czech Open GMA"]
[Site "Pardubice CZE"]
[Date "2007.07.23"]
[Round "4"]
[White "Lovkov,R"]
[Black "Lorscheid,G"]
[Result "1/2-1/2"]
[WhiteElo "2435"]
[BlackElo "2309"]

1.d4 d5 2.c4 c6 3.Nc3 Nf6 4.Nf3 e6 5.e3 Nbd7 6.Qc2 Bd6 7.Bd3 O-O 8.b3 Re8
9.O-O dxc4 10.bxc4 e5 11.d5 Nc5 12.e4 h6 13.Nd2 Bd7 14.Nb3 Rc8 15.Nxc5 Bxc5
16.Qb3 Bd4 17.Bd2 cxd5 18.cxd5 b5 19.Rac1 Qb6 20.h3 a6 21.Ne2 Rxc1 22.Nxc1 a5
23.Qb1 Qa7 24.a3 Bc5 25.Qa1 a4 26.Qb2 Qc7 27.Na2 Nh5 28.Rc1 Qb6 29.Nb4 Bd4  1/2-1/2

[Event "Czech Open GMA"]
[Site "Pardubice CZE"]
[Date "2007.07.23"]
[Round "4"]
[White "Gumula,D"]
[Black "Stanetzek,C"]
[Result "1-0"]
[WhiteElo "2387"]
[BlackElo "2260"]

1.c4 c6 2.d4 d5 3.Nc3 Nf6 4.Nf3 e6 5.e3 Nbd7 6.Qc2 Bd6 7.Bd3 O-O 8.O-O dxc4
9.Bxc4 b5 10.Be2 Bb7 11.e4 e5 12.Rd1 Qc7 13.g3 Rfe8 14.a3 h6 15.dxe5 Nxe5
16.Nd4 Neg4 17.Bf3 Rad8 18.Nf5 Bc5 19.Rf1 a5 20.Bf4 Qb6 21.Rad1 Rxd1 22.Nxd1 Ne5
23.Bg2 Nc4 24.b3 Ne5 25.Be3 Bxe3 26.Ndxe3 c5 27.Rd1 Qc7 28.Nd6 Rb8 29.Nxb5  1-0

[Event "11th Festival Open A"]
[Site "Senta SRB"]
[Date "2007.07.23"]
[Round "5"]
[White "Damjanovic,D"]
[Black "Djuric,Neb"]
[Result "1-0"]
[WhiteElo "2285"]
[BlackElo "2119"]

1.d4 d5 2.c4 c6 3.Nf3 Nf6 4.Nc3 e6 5.e3 Nbd7 6.Qc2 Bd6 7.Bd3 O-O 8.O-O dxc4
9.Bxc4 Qe7 10.e4 e5 11.d5 Nb6 12.Bb3 cxd5 13.exd5 Bg4 14.Ng5 Rac8 15.f3 Bd7
16.Be3 h6 17.Bxb6 axb6 18.Nge4 Nxe4 19.fxe4 f5 20.exf5 Qg5 21.Qe2 Bxf5 22.Ne4 Bxe4
23.Qxe4 Rxf1+ 24.Rxf1 Rf8 25.Rxf8+ Kxf8 26.g3 Qc1+ 27.Kg2 Qxb2+ 28.Bc2 Ke7
29.Qg6 Kd7 30.Kh3 Kc7 31.Bf5 Qb4 32.Qxg7+ Kb8 33.Qxh6 Ka7 34.Qh4 Qa5 35.Qc4 Qd2
36.Bd3 Qh6+ 37.Kg2 Qd2+ 38.Be2 Qe3 39.Qd3 Qc1 40.h4 Qe1 41.Qe4 Qc1 42.a4 Qd2
43.Kh3 Qc1 44.Bf3 Qf1+ 45.Bg2 Qd1 46.g4 Qd2 47.g5 Qf2 48.h5 Qf7 49.Kg4 Qd7+
50.Qf5 Qxa4+ 51.Be4 Qd1+ 52.Qf3 Qg1+ 53.Kf5 Be7 54.Qg2 Qc5 55.h6 Qc8+ 56.Kxe5 Qd8
57.Kf4 Qd6+ 58.Kf3 Qe5 59.h7 Bd6 60.Kg4 Qf4+ 61.Kh5 Be5 62.Qf3 Qh2+ 63.Kg6 Qb2
64.d6 Bh8 65.Qf7 Qe5 66.Qxb7+  1-0

[Event "29th Politiken Cup"]
[Site "Copenhagen DEN"]
[Date "2007.07.24"]
[Round "5"]
[White "Jorgensen,A"]
[Black "Christensen,Em"]
[Result "1/2-1/2"]
[WhiteElo "2049"]
[BlackElo "1880"]

1.d4 d5 2.c4 c6 3.Nf3 Nf6 4.Nc3 e6 5.e3 Nbd7 6.Bd3 Bb4 7.O-O O-O 8.a3 Bd6
9.b4 dxc4 10.Bxc4 e5 11.g3 Re8 12.Bb2 Nb6 13.Be2 e4 14.Ne5 Bh3 15.Re1 Bxe5
16.dxe5 Rxe5 17.Qc2 Bf5 18.Red1 Nfd5 19.Rd2 Qg5 20.Nxd5 Rxd5 21.Rad1 Rc8
22.Bd4 Qd8 23.a4 a6 24.a5 Nd7 25.Qb2 Nf6 26.Bb6 Rxd2 27.Rxd2 Qe7 28.Bc4 Be6
29.Bc5 Qe8 30.Bf1 Nd5 31.Qe5 Rd8 32.Qxe4 Nf6 33.Qc2 Rd5 34.Bg2 Rd7 35.Rd4 Rxd4
36.Bxd4 Nd5 37.Qc5 Qe7  1/2-1/2

[Event "Siberia A"]
[Site "Novosibirsk RUS"]
[Date "2007.07.24"]
[Round "6"]
[White "Aketaeva,D"]
[Black "Novikova,A"]
[Result "1-0"]
[WhiteElo "2248"]
[BlackElo "2268"]

1.d4 d5 2.c4 e6 3.Nc3 c6 4.Nf3 Nf6 5.e3 Nbd7 6.Bd3 Bd6 7.O-O dxc4 8.Bxc4 O-O
9.e4 e5 10.d5 Nb6 11.Bb3 cxd5 12.exd5 e4 13.Ng5 Re8 14.Re1 Bf5 15.Bc2 h6
16.Ngxe4 Nxe4 17.Bxe4 Bxe4 18.Rxe4 Rxe4 19.Nxe4 Bxh2+ 20.Kxh2 Qh4+ 21.Kg1 Qxe4
22.d6 Rd8 23.Be3 Nc4 24.Bxa7 Rxd6 25.Qe1 Qd5 26.Qe8+ Kh7 27.Re1 Nd2 28.Qe5 Qc6
29.Qc3 Qd7 30.Bb8 Rc6 31.Qb4 Rc4 32.Qe7 Qd5 33.Qe5 Qd7 34.Qd6 Qxd6 35.Bxd6 Rc2
36.Be5 Nc4 37.Bd4 Nxb2 38.Re7 Kg6 39.Rxb7 Nc4 40.Rc7 Na3 41.Rxc2 Nxc2 42.Bc5 Kf6
43.Kf1 Ke6 44.Bf8 Kf6 45.Ke2 h5 46.a4 Nd4+ 47.Kd3 Ne6 48.Bd6 Nd8 49.a5 Nc6
50.a6 g5 51.Bc5 Kf5 52.Kc4 Ke4 53.Bd6 f5 54.Kc5 Na7 55.Kb6 Nc8+ 56.Kc7 Na7
57.Bc5 h4 58.Bxa7 g4 59.Bc5 h3 60.gxh3 gxh3 61.a7  1-0

[Event "XII Open"]
[Site "Balaguer ESP"]
[Date "2007.07.25"]
[Round "10"]
[White "Delchev,A"]
[Black "Korneev,O"]
[Result "1-0"]
[WhiteElo "2591"]
[BlackElo "2565"]

1.d4 d5 2.c4 c6 3.Nc3 Nf6 4.e3 e6 5.Nf3 Nbd7 6.Bd3 dxc4 7.Bxc4 b5 8.Be2 Bb7
9.O-O a6 10.e4 c5 11.e5 Nd5 12.a4 b4 13.Bg5 Qb8 14.Nxd5 Bxd5 15.Rc1 Qb7 16.a5 Rc8
17.Bc4 h6 18.Be3 Bxc4 19.Rxc4 cxd4 20.Rxc8+ Qxc8 21.Qxd4 Be7 22.Qg4 g6 23.Qe4 O-O
24.Bxh6 Rd8 25.Bg5 Bxg5 26.Nxg5 Nf8 27.Qxb4 Rd5 28.Qf4 Qc7 29.b4 Nh7 30.Nf3 Kg7
31.h4 Qc2 32.Rc1 Rd1+ 33.Rxd1 Qxd1+ 34.Kh2 Qe2 35.Nd2 Nf8 36.Qd4 Nh7 37.Nf3 Nf8
38.Kg3 Nh7 39.Qd2 Qc4 40.Qf4 Qe2 41.Qe3 Qc4 42.Qc5 Qe2 43.b5 axb5 44.a6 b4
45.a7 Qa2 46.Qb6 b3 47.Qb8 b2 48.Nd2 Qa3+ 49.Kh2  1-0

[Event "29th Politiken Cup"]
[Site "Copenhagen DEN"]
[Date "2007.07.25"]
[Round "6"]
[White "Jorgensen,D"]
[Black "Mathiesen,E"]
[Result "1-0"]
[WhiteElo "2186"]
[BlackElo "2060"]

1.d4 d5 2.Nf3 Nf6 3.c4 c6 4.e3 e6 5.Nc3 b6 6.Bd3 Be7 7.O-O Bb7 8.b3 Nbd7
9.Bb2 Qc7 10.Rc1 a6 11.Qe2 O-O 12.Rfd1 dxc4 13.bxc4 c5 14.Ne5 Nxe5 15.dxe5 Nd7
16.f4 f6 17.Bxh7+ Kxh7 18.Qd3+ f5 19.Qxd7 Qc6 20.Rc2 Rfe8 21.Rcd2 b5 22.Qd3 b4
23.Nd5 exd5 24.Qxf5+ Qg6 25.Qh3+ Kg8 26.f5 Qg5 27.cxd5 Bd6 28.e6 c4 29.f6 Rec8
30.fxg7  1-0